| 000 -LEADER |
| fixed length control field |
02447cam a22004577a 4500 |
| 001 - CONTROL NUMBER |
| control field |
17518759 |
| 005 - DATE AND TIME OF LATEST TRANSACTION |
| control field |
20170105102906.0 |
| 008 - FIXED-LENGTH DATA ELEMENTS--GENERAL INFORMATION |
| fixed length control field |
121105s2012 stka 001 0 eng d |
| 010 ## - LIBRARY OF CONGRESS CONTROL NUMBER |
| LC control number |
2012494442 |
| 015 ## - NATIONAL BIBLIOGRAPHY NUMBER |
| National bibliography number |
GBB237102 |
| Source |
bnb |
| 016 7# - NATIONAL BIBLIOGRAPHIC AGENCY CONTROL NUMBER |
| Record control number |
016067962 |
| Source |
Uk |
| 020 ## - INTERNATIONAL STANDARD BOOK NUMBER |
| International Standard Book Number |
9780748645503 (hbk.) |
| 020 ## - INTERNATIONAL STANDARD BOOK NUMBER |
| International Standard Book Number |
0748645500 (hbk.) |
| 035 ## - SYSTEM CONTROL NUMBER |
| System control number |
(OCoLC)ocn800854520 |
| 040 ## - CATALOGING SOURCE |
| Original cataloging agency |
UKMGB |
| Language of cataloging |
eng |
| Transcribing agency |
UKMGB |
| Modifying agency |
YDXCP |
| -- |
UKSMC |
| -- |
YNK |
| -- |
OCLCA |
| -- |
OCLCQ |
| -- |
BWX |
| -- |
CDX |
| -- |
DLC |
| 042 ## - AUTHENTICATION CODE |
| Authentication code |
lccopycat |
| 050 00 - LIBRARY OF CONGRESS CALL NUMBER |
| Classification number |
GN641 |
| Item number |
.E84 2012 |
| 082 04 - DEWEY DECIMAL CLASSIFICATION NUMBER |
| Classification number |
305.697 |
| Edition number |
23 |
| 245 00 - TITLE STATEMENT |
| Title |
Ethnographies of Islam : |
| Remainder of title |
ritual performances and everyday practices / |
| Statement of responsibility, etc. |
edited by Baudouin Dupret ... [et al.]. |
| 260 ## - PUBLICATION, DISTRIBUTION, ETC. |
| Place of publication, distribution, etc. |
Edinburgh : |
| Name of publisher, distributor, etc. |
Edinburgh University Press, |
| Date of publication, distribution, etc. |
2012. |
| 300 ## - PHYSICAL DESCRIPTION |
| Extent |
vi, 202 p. : |
| Other physical details |
ill. ; |
| Dimensions |
25 cm. |
| 490 1# - SERIES STATEMENT |
| Series statement |
Exploring Muslim contexts |
| 500 ## - GENERAL NOTE |
| General note |
Published in association with the Aga Khan University, Institute for the Study of Muslim Civilisations--t.p. |
| 504 ## - BIBLIOGRAPHY, ETC. NOTE |
| Bibliography, etc. note |
Includes index. |
| 505 1# - FORMATTED CONTENTS NOTE |
| Formatted contents note |
Part I : performing rituals -- Part II : contextualising interactions -- Part III : the ethnography of history. |
| 520 ## - SUMMARY, ETC. |
| Summary, etc. |
This comparative approach to the various uses of the ethnographic method in research about Islam in anthropology and other social sciences is particularly relevant in the current climate. Political discourses and stereotypical media portrayals of Islam as a monolithic civilisation have prevented the emergence of cultural pluralism and individual freedom. Such discourses are countered by the contributors who show the diversity and plurality of Muslim societies and promote a reflection on how the ethnographic method allows the description, representation and analysis of the social and cultural complexity of Muslim societies in the discourse of anthropology.--provided by publisher. |
| 650 #0 - SUBJECT ADDED ENTRY--TOPICAL TERM |
| Topical term or geographic name entry element |
Religious life |
| General subdivision |
Islam. |
| 650 #0 - SUBJECT ADDED ENTRY--TOPICAL TERM |
| Topical term or geographic name entry element |
Islam |
| General subdivision |
Customs and practices. |
| 650 #0 - SUBJECT ADDED ENTRY--TOPICAL TERM |
| Topical term or geographic name entry element |
Rites and ceremonies |
| Geographic subdivision |
Islamic countries. |
| 650 #0 - SUBJECT ADDED ENTRY--TOPICAL TERM |
| Topical term or geographic name entry element |
Islam |
| General subdivision |
Rituals. |
| 650 #0 - SUBJECT ADDED ENTRY--TOPICAL TERM |
| Topical term or geographic name entry element |
Pluralism |
| General subdivision |
Religious aspects |
| -- |
Islam. |
| 650 #0 - SUBJECT ADDED ENTRY--TOPICAL TERM |
| Topical term or geographic name entry element |
Muslim diaspora. |
| 650 #0 - SUBJECT ADDED ENTRY--TOPICAL TERM |
| Topical term or geographic name entry element |
Muslims |
| General subdivision |
Ethnic identity. |
| 650 #0 - SUBJECT ADDED ENTRY--TOPICAL TERM |
| Topical term or geographic name entry element |
Islam and civil society. |
| 700 1# - ADDED ENTRY--PERSONAL NAME |
| Personal name |
Dupret, Baudouin. |
| 710 2# - ADDED ENTRY--CORPORATE NAME |
| Corporate name or jurisdiction name as entry element |
Aga Khan University. |
| Subordinate unit |
Institute for the Study of Muslim Civilisations. |
| 830 #0 - SERIES ADDED ENTRY--UNIFORM TITLE |
| Uniform title |
Exploring Muslim contexts. |
| 906 ## - LOCAL DATA ELEMENT F, LDF (RLIN) |
| a |
7 |
| b |
cbc |
| c |
copycat |
| d |
2 |
| e |
ncip |
| f |
20 |
| g |
y-gencatlg |
| 942 ## - ADDED ENTRY ELEMENTS (KOHA) |
| Source of classification or shelving scheme |
|
| Koha item type |
Book |